Library of the University of Algiers 3
Ibrahim Sultan Cheibout
شعار جامعة الجزائر 3
مكتبة جامعة الجزائر 3
إبراهيم سلطان شيبوط

الخصخصة وأثرها على التنمية بالدول النامية / (رقم التسجيلة. 45702)

تفاصيل مارك
000 -LEADER
fixed length control field 01689nam a2200241Ia 4500
003 - CONTROL NUMBER IDENTIFIER
control field Ost
005 - DATE AND TIME OF LATEST TRANSACTION
control field 20260507075656.0
008 - FIXED-LENGTH DATA ELEMENTS--GENERAL INFORMATION
fixed length control field 260507s9999||||xx |||||||||||||| ||und||
020 ## - INTERNATIONAL STANDARD BOOK NUMBER
International Standard Book Number 9772084031
040 ## - CATALOGING SOURCE
Transcribing agency fsecg
041 ## - LANGUAGE CODE
Language code of text/sound track or separate title ara
082 ## - DEWEY DECIMAL CLASSIFICATION NUMBER
Classification number 338.9
100 ## - MAIN ENTRY--PERSONAL NAME
Personal name الربيعي، عبده محمد فاضل
Relator term مؤلف
245 #0 - TITLE STATEMENT
Title الخصخصة وأثرها على التنمية بالدول النامية /
Statement of responsibility, etc. عبده محمد فاضل الربيعي
260 ## - PUBLICATION, DISTRIBUTION, ETC.
Place of publication, distribution, etc. القاهرة:
Name of publisher, distributor, etc. مكتبة مدبولي,
Date of publication, distribution, etc. 2004
300 ## - PHYSICAL DESCRIPTION
Extent 519 صفحة؛
Other physical details إيضاحات ؛
Dimensions 24 سم
504 ## - BIBLIOGRAPHY, ETC. NOTE
Bibliography, etc. note المراجع ص.503
520 ## - SUMMARY, ETC.
Summary, etc. دور القطاع العام في التنمية وأساسه الاقتصادي، دور القطاع الخاص في التنمية، دور القطاعين العام والخاص في التنمية بالدول النامية، الخصخصة وأساسها الاقتصادي ، تجربة جمهورية شيلي في الخصخصة، تجرية جمهورية ماليزيا في الخصخصة، تجربة جمهورية تركيا في الخصخصة، تجربة جمهورية مصر في الخصخصة، دور القطاعين العام والخاص في التنمية بالجمهورية اليمنية، تجربة الجمهوراليمنية في الاصلاح الاقتصادي، تجربة الجمهورية اليمنية في الخصخصة، تقويم التجربة اليمنية في ظل تجارب الدول الأخرى، دروس مستفادة.
653 ## - INDEX TERM--UNCONTROLLED
Uncontrolled term البلدان النامية
653 ## - INDEX TERM--UNCONTROLLED
Uncontrolled term التنمية الإقتصادية
653 ## - INDEX TERM--UNCONTROLLED
Uncontrolled term إلغاء التأميم
942 ## - ADDED ENTRY ELEMENTS (KOHA)
Koha item type كتب

لا توجد مواد متاحة.

موارد الويب المفتوحة


© University of Algiers 3 All Rights Reserved
|
Implemented by LECHELAH Riad